000 00349nam a2200157Ia 4500
003 Ost
005 20260225132558.0
008 260225s9999||||xx |||||||||||||| ||und||
040 _cfsic
041 _afre
082 _a301
100 _aE.morin
_eAuteur
245 0 _apour une authropologie fondamentale /
245 0 _cE.morin
942 _cكتاب
999 _c34601
_d34601